01626nam a2200325 i 450000100090000000300090000900500170001800800410003502000180007604000330009408200190012710000270014624500790017325000190025226400360027130000440030733600260035133700280037733800270040550400510043252003540048365000650083765300300090265500170093277601240094990600450107394200120111899900170113095201530114722600071EG-ScBUE20230307040756.0220531s2023 flua f b 001 0 eng d a9781032315836 aDLCbengerdacDLCdEG-ScBUE04a004.6bAWE2221 aAweya, James,eauthor.10aDesigning switch/routers :barchitectures and applications /cJames Aweya. aFirst edition. 1aBoca Raton :bCRC Press,c2023. axv, 336 pages :billustrations ;c24 cm atextbtxt2rdacontent aunmediatedbn2rdamedia avolumebnc2rdacarrier aIncludes bibliographical references and index. a"This two-volume set focuses on fundamental concepts and design goals (i.e., a switch/router's key features), architectures, and practical applications of switch/routers in IP networks. The discussion includes practical design examples to illustrate how switch/routers are designed and how the key features are implemented"--cProvided by publisher. 7aRouters (Computer networks)xDesign and construction.2BUEsh bENGGENbCOMAMEcMarch2023 vReading book08iOnline version:aAweya, James.tDesigning switch/routersdBoca Raton : CRC Press, 2023z9781003311249w(DLC) 2022014159 a7bcbccorignewd1eecipf20gy-gencatlg 2ddccBB c30224d30195 00102ddc40708AlahramaMAINbMAINcLOWd2023-03-07ePurchaseg2849.00h191l0o004.6 AWEp000044866r2025-07-15 00:00:00v3561.25w2023-03-07yBB